Anti-Utopia : (Record no. 96624)
[ view plain ]
| 000 -LEADER | |
|---|---|
| fixed length control field | 00832nam a22002537a 4500 |
| 005 - DATE AND TIME OF LATEST TRANSACTION | |
| control field | 20151106171952.0 |
| 010 ## - LCCN (DPL NO) | |
| LC control number | ENG-113974 |
| 020 ## - INTERNATIONAL STANDARD BOOK NUMBER | |
| Terms of availability | 450.00 |
| International Standard Book Number | 0198075979 |
| 020 ## - INTERNATIONAL STANDARD BOOK NUMBER | |
| Terms of availability | 450.00 |
| International Standard Book Number | 9780198075974 |
| 035 ## - SYSTEM CONTROL NUMBER | |
| System control number | EN-97506 |
| 037 ## - SOURCE OF ACQUISITION | |
| Source of stock number/acquisition | DBAD/PUB |
| Stock number | dpl |
| 082 ## - DEWEY DECIMAL CLASSIFICATION NUMBER | |
| Classification number | 301 |
| 100 ## - MAIN ENTRY--PERSONAL NAME | |
| Personal name | Béteille, André |
| 245 ## - TITLE STATEMENT | |
| Title | Anti-Utopia : |
| Statement of responsibility, etc | edited by Dipankar Gupta |
| Remainder of title | essential writings of Andre Beteille / |
| 260 ## - PUBLICATION, DISTRIBUTION, ETC. (IMPRINT) | |
| Place of publication, distribution, etc | New Delhi |
| Name of publisher, distributor, etc | Oxford University Press |
| Date of publication, distribution, etc | 2011 |
| 270 ## - ADDRESS | |
| Address | YMCA Library Building, 1, Jai Singh Road, |
| City | New Delhi |
| Postal code | 110001 |
| 300 ## - PHYSICAL DESCRIPTION | |
| Extent | xii,494p. |
| Dimensions | 22cm(pbk) |
| 490 ## - SERIES STATEMENT | |
| Series statement | Oxford India paperbacks |
| 500 ## - GENERAL NOTE | |
| General note | Reprint. Originally published: 2005. |
| 500 ## - GENERAL NOTE | |
| General note | Includes bibliographical references and index. |
| 650 ## - SUBJECT ADDED ENTRY--TOPICAL TERM | |
| Topical term or geographic name as entry element | Sociology. |
| 700 ## - ADDED ENTRY--PERSONAL NAME | |
| Personal name | Gupta, Dipankar |
| 942 ## - ADDED ENTRY ELEMENTS (KOHA) | |
| Source of classification or shelving scheme | Dewey Decimal Classification |
| Item type | English Books |
| Call number suffix | BET |
| Classification part | 301 |
| Withdrawn status | Lost status | Not for loan | Collection code | Home library | Current library | Date acquired | Source of acquisition | Cost, normal purchase price | Full call number | Barcode | Copy number | Cost, replacement price | Koha item type |
|---|---|---|---|---|---|---|---|---|---|---|---|---|---|
| Not For Loan | Non-fiction | D.B.Act.Division | D.B.Act.Division | 03/09/2015 | DBAD/PUB | 450.00 | 301 BET | EN-97506 | 1 | 450.00 | English Books |
